000 00310nam a22001457a 4500
020 _a978-81-8477-971-4
082 _a001
_bAGE/A
100 _aAGE ROBIN
245 _aAWESOME INDIA
260 _aLONDON
_bSCHOLASTIC
300 _a166
520 _aSCIENCE QUIZ
650 _aSCIENCE QUIZ
_zLONDON
942 _cBK
999 _c6018
_d6018